000
00238nam a2200097Ia 4500
008
231212s1967 xx 000 0 und d
041
_a
eng
100
_a
Kuo B.C.
245
_a
Automatic Control Syste
260
_a
msNew Delhi
_b
Affilat
_c
1967
999
_c
958730
_d
958730